[Event "World Blitz Women 2017"]
[Site "Riyadh KSA"]
[Date "2017.12.29"]
[Round "5.10"]
[White "Batchimeg, Tuvshintugs"]
[Black "Cori T., Deysi"]
[Result "1-0"]
[WhiteTitle "IM"]
[BlackTitle "WGM"]
[WhiteElo "2398"]
[BlackElo "2389"]
[WhiteFideId "4900839"]
[BlackFideId "3801934"]
[EventDate "2017.12.29"]

1. d4 Nf6 2. c4 g6 3. Nc3 Bg7 4. e4 d6 5. Nf3 O-O 6. h3 c5 7. d5 e6 8. Bd3 a6 9.
O-O exd5 10. exd5 Qc7 11. a4 Nbd7 12. Re1 Ne5 13. Nxe5 dxe5 14. Bc2 Ne8 15. Ne4
Nd6 16. Nxd6 Qxd6 17. a5 Bd7 18. Bd2 f5 19. Bc3 Rfe8 20. Qd2 Qf8 21. b4 Rac8 22.
Bb3 Kh8 23. Rab1 f4 24. bxc5 f3 25. Qg5 Bf5 26. Rbd1 Qxc5 27. d6 Rcd8 28. Rd5
Qa3 29. Bxe5 Bxe5 30. Rdxe5 Rf8 31. R5e3 Qxd6 32. Rxf3 Qf6 33. Qg3 Qg7 34. Rfe3
h5 35. Re7 Qf6 36. Qe3 Bc8 37. Qh6+ Kg8 38. Qh7# 1-0

[Event "World Blitz Women 2017"]
[Site "Riyadh KSA"]
[Date "2017.12.29"]
[Round "5.11"]
[White "Mammadzada, Gunay"]
[Black "Stefanova, Antoaneta"]
[Result "1-0"]
[WhiteTitle "WGM"]
[BlackTitle "GM"]
[WhiteElo "2333"]
[BlackElo "2500"]
[WhiteFideId "13403729"]
[BlackFideId "2902257"]
[EventDate "2017.12.29"]

1. e4 e5 2. Nf3 Nc6 3. Bb5 Nf6 4. O-O Nxe4 5. d4 Be7 6. dxe5 O-O 7. Nbd2 d5 8.
Bxc6 bxc6 9. Nxe4 dxe4 10. Nd4 Qd5 11. Bf4 Rd8 12. c3 c5 13. Nb3 Qxd1 14. Rfxd1
Be6 15. Na5 Rd3 16. Re1 g5 17. Be3 h6 18. c4 Bf8 19. Rac1 Rb8 20. b3 Rb6 21. Rc2
Bc8 22. Rd2 Ra6 23. Rxd3 exd3 24. Bd2 Be7 25. f3 Bf5 26. g4 Bg6 27. Kf2 Re6 28.
Bc3 Kf8 29. Ke3 f6 30. Kd2 fxe5 31. Rxe5 Rxe5 32. Bxe5 Bd6 33. Bxd6+ cxd6 34.
Nc6 a6 35. Nb8 a5 36. Nc6 Ke8 37. Nxa5 Kd7 38. a3 Kc7 39. b4 Kb6 40. Nb3 cxb4
41. axb4 h5 42. h3 hxg4 43. hxg4 Kc6 44. Kc3 Kb6 45. Nc1 Be8 46. Nxd3 Bc6 47. f4
gxf4 48. Nxf4 Be8 49. g5 Bf7 50. g6 Bg8 51. g7 Kc6 52. Nd5 Bf7 53. Nf6 d5 54. c5
Kb5 55. g8=Q Bxg8 56. Nxg8 Kc6 57. Kd4 1-0

[Event "World Blitz Women 2017"]
[Site "Riyadh KSA"]
[Date "2017.12.29"]
[Round "5.12"]
[White "Kulon, Klaudia"]
[Black "Ju, Wenjun"]
[Result "0-1"]
[WhiteTitle "WGM"]
[BlackTitle "GM"]
[WhiteElo "2370"]
[BlackElo "2567"]
[WhiteFideId "1131044"]
[BlackFideId "8603006"]
[EventDate "2017.12.29"]

1. c4 g6 2. g3 Bg7 3. Bg2 e5 4. Nc3 d6 5. e3 f5 6. Nge2 Nf6 7. d3 O-O 8. O-O c6
9. b4 Be6 10. b5 Qc7 11. Rb1 Nbd7 12. bxc6 bxc6 13. Ba3 Rfd8 14. Qa4 Rac8 15.
Rfd1 Nb6 16. Qa5 d5 17. c5 Nbd7 18. Qa6 Rb8 19. d4 Ne4 20. Nxe4 dxe4 21. dxe5
Nxe5 22. Rxd8+ Qxd8 23. Rf1 Bc4 24. Qxa7 Bxe2 25. Re1 Bd3 26. Qa4 Ra8 27. Qb3+
Qd5 28. Qxd5+ cxd5 29. Bb4 Rxa2 30. Rc1 Bc4 31. Bc3 Nd3 32. Rb1 Bxc3 33. c6 Be5
34. Bf1 Ra7 35. Rb6 Rc7 36. Be2 Kf7 37. Bd1 Ke7 38. Ba4 Nc5 39. Bc2 Kd6 40. Rb8
Kxc6 41. Re8 Kd6 42. h4 Ra7 43. Kg2 Nd3 44. Rd8+ Ke7 45. Rc8 Ne1+ 46. Kh3 Nxc2 0-1

[Event "World Blitz Women 2017"]
[Site "Riyadh KSA"]
[Date "2017.12.29"]
[Round "5.13"]
[White "Pham, Le Thao Nguyen"]
[Black "Harika, Dronavalli"]
[Result "0-1"]
[WhiteTitle "IM"]
[BlackTitle "GM"]
[WhiteElo "2354"]
[BlackElo "2504"]
[WhiteFideId "12401226"]
[BlackFideId "5015197"]
[EventDate "2017.12.29"]

1. d4 d6 2. Nf3 g6 3. g3 Bg7 4. Bg2 Nf6 5. O-O O-O 6. c4 Nbd7 7. Nc3 e5 8. Qc2
Re8 9. h3 c6 10. Rd1 Qe7 11. dxe5 dxe5 12. Be3 Nf8 13. Ng5 h6 14. Nge4 Nxe4 15.
Nxe4 Bf5 16. Qb3 Bxe4 17. Bxe4 Ne6 18. Rd2 Nd4 19. Qd1 Rad8 20. Bg2 Kh7 21. Rc1
f5 22. c5 Qf7 23. b3 Rd7 24. Rc4 Red8 25. f4 Nb5 26. Rcc2 e4 27. g4 Nc3 28. Qe1
Nd5 29. Qf2 Nxe3 30. Qxe3 Bd4 31. Rxd4 Rxd4 32. Kh2 Qf6 33. Qc3 Qg7 34. Qg3 R4d5
35. e3 Rd2 36. Rxd2 Rxd2 37. a3 Qb2 38. h4 Qf6 39. h5 gxh5 40. gxh5 Qg7 41. Qh3
Kh8 42. b4 Ra2 43. Kh1 Qg4 44. Qxg4 fxg4 45. Kh2 Rxa3 46. Kg3 Rxe3+ 47. Kxg4 Rb3
48. Bxe4 Rxb4 49. Bg6 Rc4 50. Kf5 Rxc5+ 51. Ke6 Kg7 52. f5 Kf8 53. f6 a5 0-1

[Event "World Blitz Women 2017"]
[Site "Riyadh KSA"]
[Date "2017.12.29"]
[Round "5.15"]
[White "Gaponenko, Inna"]
[Black "Zhu, Chen"]
[Result "1/2-1/2"]
[WhiteTitle "IM"]
[BlackTitle "GM"]
[WhiteElo "2435"]
[BlackElo "2423"]
[WhiteFideId "14101181"]
[BlackFideId "8600546"]
[EventDate "2017.12.29"]

1. e4 e5 2. Nf3 Nc6 3. Bb5 Nf6 4. O-O Nxe4 5. d4 Nd6 6. Bxc6 dxc6 7. dxe5 Nf5 8.
Qxd8+ Kxd8 9. Rd1+ Ke8 10. Nc3 h5 11. h3 h4 12. Bg5 Be6 13. Rd2 Rh5 14. Rad1 Be7
15. Bxe7 Kxe7 16. Ne2 g5 17. Ned4 Nxd4 18. Nxd4 Bc8 19. b3 a6 20. a4 c5 21. Ne2
Be6 22. Nc3 b6 23. f3 Rhh8 24. Kf2 Rac8 25. Ke3 Bf5 26. Ne4 Rhg8 27. Nf6 Rh8 28.
Ne4 Rhg8 29. Nf6 Rh8 30. Ne4 1/2-1/2

[Event "World Blitz Women 2017"]
[Site "Riyadh KSA"]
[Date "2017.12.29"]
[Round "5.17"]
[White "Cramling, Pia"]
[Black "Ding, Yixin"]
[Result "1-0"]
[WhiteTitle "GM"]
[BlackTitle "WGM"]
[WhiteElo "2450"]
[BlackElo "2424"]
[WhiteFideId "1700030"]
[BlackFideId "8602972"]
[EventDate "2017.12.29"]

1. Nf3 Nf6 2. c4 g6 3. Nc3 Bg7 4. e4 c5 5. d4 cxd4 6. Nxd4 Nc6 7. Be3 d6 8. Be2
O-O 9. O-O Bd7 10. h3 Nxd4 11. Bxd4 Bc6 12. Qc2 a6 13. Rad1 Qc7 14. b4 Rac8 15.
f4 Nd7 16. Bxg7 Kxg7 17. Kh1 b5 18. cxb5 Bxb5 19. Bxb5 axb5 20. Rc1 Nb6 21. Qf2
Kg8 22. Kh2 Qb7 23. Nxb5 Na4 24. Qe2 Rb8 25. Nd4 e5 26. fxe5 dxe5 27. Nc6 Rbe8
28. b5 Nb6 29. Rfd1 f5 30. a4 fxe4 31. a5 Nc8 32. b6 Re6 33. Nd8 Qe7 34. Nxe6
Qxe6 35. Qc4 Qxc4 36. Rxc4 e3 37. Re1 Nd6 38. Rc5 e4 39. Rxe3 Ra8 40. Rd5 Nc4
41. Rxe4 Nxa5 42. Ra4 1-0

[Event "World Blitz Women 2017"]
[Site "Riyadh KSA"]
[Date "2017.12.29"]
[Round "5.18"]
[White "Skripchenko, Almira"]
[Black "Savina, Anastasia"]
[Result "1-0"]
[WhiteTitle "IM"]
[BlackTitle "IM"]
[WhiteElo "2403"]
[BlackElo "2350"]
[WhiteFideId "13900145"]
[BlackFideId "4196872"]
[EventDate "2017.12.29"]

1. e4 e5 2. Nf3 Nc6 3. Bc4 Bc5 4. O-O Nf6 5. d3 O-O 6. Nbd2 d6 7. c3 a6 8. Bb3
Ba7 9. h3 d5 10. exd5 Nxd5 11. Nc4 Re8 12. Re1 Qf6 13. Ncxe5 Rxe5 14. Bxd5 Rxe1+
15. Qxe1 Bf5 16. d4 h6 17. Bxc6 Qxc6 18. Bf4 Re8 19. Ne5 Qb5 20. Qd2 f6 21. c4
Qb6 22. Nf3 Rd8 23. Be3 Qe6 24. b3 c5 25. d5 Qd7 26. Re1 b6 27. Bf4 b5 28. Bg3
bxc4 29. bxc4 Bb8 30. Bxb8 Rxb8 31. Qa5 Qd6 32. Qd2 Rb4 33. Qc1 Kh7 34. Re3 a5
35. Re1 Qa6 36. Nd2 a4 37. Qc3 Qd6 38. Qf3 Bg6 39. g3 Rb2 40. Ne4 Qe5 41. h4
Bxe4 42. Rxe4 Qb8 43. Qf5+ Kh8 44. Re7 Qg8 45. d6 Rxa2 46. d7 Rd2 47. Re8 1-0

[Event "World Blitz Women 2017"]
[Site "Riyadh KSA"]
[Date "2017.12.29"]
[Round "5.19"]
[White "Michna, Marta"]
[Black "Charochkina, Daria"]
[Result "1-0"]
[WhiteTitle "WGM"]
[BlackTitle "IM"]
[WhiteElo "2377"]
[BlackElo "2317"]
[WhiteFideId "1106686"]
[BlackFideId "4180917"]
[EventDate "2017.12.29"]

1. Nf3 d5 2. d3 Nf6 3. c3 g6 4. Qc2 Bg7 5. e4 O-O 6. Be2 c5 7. O-O Nc6 8. a4 c4
9. Nbd2 cxd3 10. Bxd3 Bg4 11. h3 dxe4 12. Bxe4 Nxe4 13. hxg4 Nf6 14. g5 Nh5 15.
Re1 Rc8 16. Qe4 Qc7 17. Nf1 e5 18. a5 f5 19. gxf6 Nxf6 20. Qc4+ Kh8 21. Ng5 Qe7
22. Qh4 h6 23. Ng3 Nh7 24. Nf3 g5 25. Qh5 Rce8 26. Ne4 Rf5 27. Be3 Nf6 28. Nxf6
Qxf6 29. Qxe8+ Kh7 30. Rad1 g4 31. Nh2 Rh5 32. Qxh5 1-0

[Event "World Blitz Women 2017"]
[Site "Riyadh KSA"]
[Date "2017.12.29"]
[Round "5.20"]
[White "Zhukova, Natalia"]
[Black "Bulmaga, Irina"]
[Result "1/2-1/2"]
[WhiteTitle "GM"]
[BlackTitle "IM"]
[WhiteElo "2444"]
[BlackElo "2427"]
[WhiteFideId "14101513"]
[BlackFideId "13903063"]
[EventDate "2017.12.29"]

1. c4 e5 2. Nc3 Nf6 3. Nf3 Nc6 4. g3 Bc5 5. Nxe5 Bxf2+ 6. Kxf2 Nxe5 7. e4 c5 8.
d4 cxd4 9. Qxd4 O-O 10. Be2 Re8 11. Bf4 d6 12. Rad1 Be6 13. b3 Qa5 14. Kg2 Nc6
15. Qd2 Bg4 16. Bxg4 Nxg4 17. Nd5 Qxd2+ 18. Rxd2 Rxe4 19. h3 Nf6 20. Nxf6+ gxf6
21. Bxd6 Rae8 22. Rf1 Kg7 23. Rdf2 R8e6 24. Ba3 Ne5 25. Bb2 Re3 26. g4 a6 27.
Bd4 Re4 28. Bb2 h6 29. Bc3 Re3 30. Bd4 Re4 31. Bb2 Re3 32. Bd4 Re4 1/2-1/2

[Event "World Blitz Women 2017"]
[Site "Riyadh KSA"]
[Date "2017.12.29"]
[Round "5.21"]
[White "Hoolt, Sarah"]
[Black "Girya, Olga"]
[Result "0-1"]
[WhiteTitle "WGM"]
[BlackTitle "WGM"]
[WhiteElo "2405"]
[BlackElo "2484"]
[WhiteFideId "24606812"]
[BlackFideId "4195752"]
[EventDate "2017.12.29"]

1. e4 c6 2. d4 d5 3. e5 Bf5 4. Nf3 e6 5. Be2 Ne7 6. O-O Bg6 7. Nbd2 c5 8. c4
cxd4 9. Nxd4 Nec6 10. N2f3 dxc4 11. Bxc4 Be7 12. Be3 O-O 13. Rc1 Bh5 14. Qc2 Nb4
15. Qe4 N8c6 16. h4 Nxd4 17. Nxd4 Nd5 18. Nf5 Nxe3 19. Nxe3 Qb6 20. b3 Rad8 21.
Nc2 Rd2 22. Qf4 Rfd8 23. g4 Bg6 24. Ne3 Bxh4 25. g5 R8d4 26. Qf3 Bxg5 27. Be2
Bxe3 28. fxe3 Rd8 29. Bc4 h6 30. Rc3 Rxa2 31. Rfc1 Rdd2 32. Bxe6 Qxe6 33. Rc8+
Kh7 0-1

[Event "World Blitz Women 2017"]
[Site "Riyadh KSA"]
[Date "2017.12.29"]
[Round "5.22"]
[White "Zatonskih, Anna"]
[Black "Hoang, Thi Bao Tram"]
[Result "0-1"]
[WhiteTitle "IM"]
[BlackTitle "WGM"]
[WhiteElo "2452"]
[BlackElo "2410"]
[WhiteFideId "14101572"]
[BlackFideId "12401102"]
[EventDate "2017.12.29"]

1. e4 c6 2. d4 d5 3. Nc3 g6 4. h3 Bg7 5. Nf3 Nh6 6. Bf4 O-O 7. Qd2 dxe4 8. Nxe4
Nf5 9. c3 Nd6 10. Bd3 Be6 11. O-O Nxe4 12. Bxe4 Nd7 13. Rfe1 Nb6 14. Bd3 Bc4 15.
Bc2 Re8 16. Be5 f6 17. Bg3 Bd5 18. Qe2 a5 19. Nd2 a4 20. Ne4 Nd7 21. c4 Bf7 22.
Rad1 Qb6 23. Bb1 Qb4 24. Qc2 Qxc4 25. Qd2 Qa6 26. Re3 Qa5 27. Qc1 Nb6 28. Nc5
Nd5 29. Re2 b6 30. Ne6 Rac8 31. Nxg7 Kxg7 32. h4 h5 33. a3 c5 34. dxc5 Rxc5 35.
Rc2 Rec8 36. Rdd2 e5 37. Rxc5 Rxc5 38. Qd1 Qb5 39. Ba2 Qc6 40. Kh2 Rc1 41. Qf3
Ne7 42. Qxc6 Rxc6 43. Rd7 Bxa2 44. Rxe7+ Kf8 45. Rb7 Bd5 46. f3 Rd6 47. Bf2 Bxb7 0-1

[Event "World Blitz Women 2017"]
[Site "Riyadh KSA"]
[Date "2017.12.29"]
[Round "5.23"]
[White "Guo, Qi"]
[Black "Mamedjarova, Zeinab"]
[Result "1-0"]
[WhiteTitle "IM"]
[BlackTitle "WGM"]
[WhiteElo "2396"]
[BlackElo "2363"]
[WhiteFideId "8604002"]
[BlackFideId "13401521"]
[EventDate "2017.12.29"]

1. d4 d5 2. c4 dxc4 3. Nf3 Nf6 4. e3 e6 5. Bxc4 c5 6. O-O a6 7. a4 b6 8. e4 Bb7
9. e5 Nd5 10. Nc3 cxd4 11. Nxd4 Nxc3 12. bxc3 Be7 13. Qg4 g6 14. Bh6 Qc7 15. Qe2
Nc6 16. Rfe1 Bc5 17. Rad1 O-O-O 18. Bxa6 Nxd4 19. cxd4 Rxd4 20. Rxd4 Bxd4 21.
Rc1 Bc5 22. a5 Rd8 23. Be3 Rd5 24. Bxb7+ Kxb7 25. axb6 Qxe5 26. Qa2 Bxb6 27.
Bxb6 Kxb6 28. Qa4 Rb5 29. h3 h5 30. Qa8 g5 31. Qd8+ Ka7 32. Rc7+ Rb7 33. Rc1 h4
34. Qd3 Rb6 35. Qa3+ Kb7 36. Qe7+ Ka6 37. Qxf7 Qd4 38. Qf3 Qb2 39. Re1 e5 40.
Qe4 Qc3 41. Qxe5 Qd2 42. Ra1+ Kb7 43. Qe7+ Kc6 44. Qe6+ Kb7 45. Qe4+ Kc7 46.
Qc4+ Kd6 47. Rc1 Rb2 48. Qc5+ Ke6 49. Ra1 Qd6 50. Qxg5 Rb6 51. Qe3+ Kd7 52. Re1
Kc7 53. Qc3+ Kb7 54. Qg7+ Ka6 55. Ra1+ Kb5 56. Qg5+ Kc6 57. Rc1+ Kb7 58. Qxh4
Qd2 59. Qe4+ Kb8 60. Ra1 Rb7 61. Qe8+ Kc7 62. Qe7+ Kb8 63. Qe5+ Rc7 64. Qb5+ Rb7
65. Qe8+ Kc7 66. Qe3 Qb2 67. Rc1+ Kb8 68. Qe8+ Ka7 69. Qa4+ Kb8 70. Qa1 Qd2 71.
Qe5+ Ka7 72. Ra1+ Kb6 73. Rb1+ Ka6 74. Qa1+ 1-0

[Event "World Blitz Women 2017"]
[Site "Riyadh KSA"]
[Date "2017.12.29"]
[Round "5.24"]
[White "Socko, Monika"]
[Black "Sedina, Elena"]
[Result "1-0"]
[WhiteTitle "GM"]
[BlackTitle "IM"]
[WhiteElo "2471"]
[BlackElo "2312"]
[WhiteFideId "1106619"]
[BlackFideId "812153"]
[EventDate "2017.12.29"]

1. d4 d5 2. c4 c6 3. cxd5 cxd5 4. Nc3 Nf6 5. Bf4 Nc6 6. e3 Bf5 7. Qb3 Na5 8.
Qa4+ Bd7 9. Qc2 e6 10. Nf3 Be7 11. Bd3 Nc6 12. a3 Nh5 13. Be5 f6 14. Bg3 f5 15.
Be5 Nf6 16. O-O O-O 17. Rac1 Rc8 18. Qe2 Ne4 19. Nb5 a6 20. Nc3 Nxe5 21. Nxe5
Nxc3 22. Rxc3 Rxc3 23. bxc3 Bxa3 24. g4 Bd6 25. f4 Bxe5 26. fxe5 Qg5 27. Kh1 f4
28. Qf3 h5 29. gxh5 Be8 30. exf4 Qxh5 31. Qg3 Qh6 32. Kg2 a5 33. f5 exf5 34.
Bxf5 Bf7 35. Qg4 Re8 36. Bd7 Re7 37. Ba4 Qd2+ 38. Rf2 Qxc3 39. Rc2 Qe3 40. Rc8+
Kh7 41. Bc2+ g6 42. Qh4+ Qh6 43. Rh8+ Kxh8 44. Qxh6+ Kg8 45. Qg5 Rc7 46. Qd8+ 1-0

[Event "World Blitz Women 2017"]
[Site "Riyadh KSA"]
[Date "2017.12.29"]
[Round "5.25"]
[White "Gvetadze, Sofio"]
[Black "Nechaeva, Marina"]
[Result "0-1"]
[WhiteTitle "IM"]
[BlackTitle "IM"]
[WhiteElo "2289"]
[BlackElo "2424"]
[WhiteFideId "13601440"]
[BlackFideId "4149351"]
[EventDate "2017.12.29"]

1. Nf3 d5 2. g3 Bg4 3. Bg2 Nd7 4. O-O Ngf6 5. d3 e6 6. Nbd2 c6 7. c3 Be7 8. e4
O-O 9. Qc2 a5 10. b3 Re8 11. Bb2 Bh5 12. Rfe1 Rf8 13. h3 Qc7 14. Nf1 dxe4 15.
dxe4 e5 16. g4 Bg6 17. Ng3 Nc5 18. Nf5 Rfe8 19. Nxe7+ Qxe7 20. Nh4 Ne6 21. Nf5
Qc7 22. Bc1 Nd7 23. Be3 Nf4 24. Rad1 Nf8 25. Bc5 f6 26. Rd2 N8e6 27. Bd6 Qf7 28.
Bf1 b5 29. Red1 h5 30. Ng3 Ng5 31. gxh5 Bxh5 32. Nxh5 Qxh5 33. Bg2 Nxg2 34. Kxg2
Qxh3+ 0-1

[Event "World Blitz Women 2017"]
[Site "Riyadh KSA"]
[Date "2017.12.29"]
[Round "5.26"]
[White "Ambartsumova, Karina"]
[Black "Mkrtchian, Lilit"]
[Result "1/2-1/2"]
[WhiteTitle "WGM"]
[BlackTitle "IM"]
[WhiteElo "2359"]
[BlackElo "2376"]
[WhiteFideId "4166299"]
[BlackFideId "13300601"]
[EventDate "2017.12.29"]

1. d4 Nf6 2. Nf3 b6 3. c4 e6 4. Nc3 Bb4 5. Qc2 Bb7 6. a3 Bxc3+ 7. Qxc3 Ne4 8.
Qc2 d6 9. e3 Nd7 10. Bd3 f5 11. O-O O-O 12. Nd2 Nxd2 13. Bxd2 Qf6 14. Bc3 Qg6
15. f3 e5 16. d5 Rae8 17. f4 exf4 18. exf4 Nc5 19. Rae1 Nxd3 20. Qxd3 Re4 21.
Rxe4 fxe4 22. Qd4 Bc8 23. b4 h5 24. Rf2 Bf5 25. Qe3 Rf7 26. Kh1 h4 27. Kg1 Qg4
28. Qe2 Qxe2 29. Rxe2 Re7 30. Re3 h3 31. g3 Bg4 32. Kf2 Kf7 33. Re1 g6 34. Ke3
Re8 35. Bd4 Ra8 36. Ra1 a5 37. b5 1/2-1/2

[Event "World Blitz Women 2017"]
[Site "Riyadh KSA"]
[Date "2017.12.29"]
[Round "5.27"]
[White "Fierro Baquero, Martha L."]
[Black "Rapport, Jovana"]
[Result "1-0"]
[WhiteTitle "IM"]
[BlackTitle "WGM"]
[WhiteElo "2369"]
[BlackElo "2299"]
[WhiteFideId "3600270"]
[BlackFideId "937266"]
[EventDate "2017.12.29"]

1. c4 e6 2. Nf3 f5 3. g3 Nf6 4. Bg2 Be7 5. O-O O-O 6. d3 d5 7. cxd5 exd5 8. Nc3
c6 9. e4 dxe4 10. Qb3+ Kh8 11. dxe4 fxe4 12. Ng5 Nd5 13. Ngxe4 Nxc3 14. Qxc3 Qe8
15. Bh6 Qg6 16. Be3 Nd7 17. Rae1 Nf6 18. Bd4 Nxe4 19. Bxe4 Qf7 20. Qc2 Bh3 21.
Bg2 Bxg2 22. Kxg2 Qf3+ 23. Kg1 Bf6 24. Qe4 Qxe4 25. Rxe4 Bxd4 26. Rxd4 Rad8 27.
Rfd1 Rxd4 28. Rxd4 h6 29. Rd7 Rb8 30. h4 a5 31. Rc7 a4 32. a3 b5 33. Rxc6 b4 34.
Rc4 bxa3 35. bxa3 Rb1+ 36. Kg2 Rd1 37. Rxa4 Kh7 38. h5 Rd5 39. g4 Rd3 40. Ra7
Rb3 41. f3 Rc3 42. Kg3 Rc1 43. a4 Rg1+ 44. Kf4 Ra1 45. Kf5 Rc1 46. Re7 Rc5+ 47.
Re5 Rc3 48. Kf4 Ra3 49. Re4 Kg8 50. Rb4 Kf7 51. Ke4 Ra1 52. Kd5 Kf6 53. Kc6 Kg5
54. Kb6 Ra3 55. a5 Rxf3 56. a6 Rf6+ 57. Ka5 Rf7 58. Rb7 Rf1 59. Rxg7+ Kh4 60. a7
Kh3 61. Kb6 Rb1+ 62. Kc7 Rc1+ 63. Kb8 Rb1+ 64. Rb7 Rf1 65. a8=Q 1-0

[Event "World Blitz Women 2017"]
[Site "Riyadh KSA"]
[Date "2017.12.29"]
[Round "5.28"]
[White "Melia, Salome"]
[Black "Gara, Anita"]
[Result "1-0"]
[WhiteTitle "IM"]
[BlackTitle "IM"]
[WhiteElo "2404"]
[BlackElo "2367"]
[WhiteFideId "13602446"]
[BlackFideId "709751"]
[EventDate "2017.12.29"]

1. b3 e5 2. Bb2 Nc6 3. e3 Nf6 4. c4 d5 5. cxd5 Nxd5 6. a3 Be7 7. d3 Be6 8. Nf3
f6 9. Be2 Qd7 10. O-O O-O 11. Nbd2 a5 12. Qc2 Rad8 13. Rfd1 Nb6 14. d4 exd4 15.
Nxd4 Nxd4 16. Bxd4 Bd5 17. Nc4 Qc6 18. Bf1 a4 19. Bxb6 cxb6 20. bxa4 Rc8 21.
Rac1 Kh8 22. Qb2 Bc5 23. a5 bxa5 24. Nxa5 Qe6 25. Nxb7 Bxe3 26. Rxc8 Rxc8 27.
fxe3 Qxe3+ 28. Kh1 Be4 29. Nd6 Rd8 30. Nxe4 1-0

[Event "World Blitz Women 2017"]
[Site "Riyadh KSA"]
[Date "2017.12.29"]
[Round "5.29"]
[White "Gu, Xiaobing"]
[Black "Tokhirjonova, Gulrukhbegim"]
[Result "0-1"]
[WhiteTitle "WGM"]
[BlackTitle "WGM"]
[WhiteElo "2332"]
[BlackElo "2329"]
[WhiteFideId "8602611"]
[BlackFideId "14203626"]
[EventDate "2017.12.29"]

1. e4 e5 2. Bc4 Nc6 3. d3 Nf6 4. Nc3 Na5 5. a4 Nxc4 6. dxc4 Bb4 7. Qd3 d6 8. Ne2
O-O 9. Bg5 h6 10. Bh4 Be6 11. h3 a6 12. O-O Bc5 13. Kh2 g5 14. Bg3 Nh5 15. b3
Qf6 16. Rad1 Qg6 17. Nd5 Bxd5 18. cxd5 f5 19. exf5 Qxf5 20. Qc4 a5 21. Nc3 Nf4
22. Ne4 Bb6 23. Rd2 Rf7 24. f3 Raf8 25. Nf2 Kh7 26. Qe4 Nh5 27. Qxf5+ Rxf5 28.
Ne4 Be3 29. Rd3 Nxg3 30. Nxg3 Bf4 31. Rc3 R8f7 32. Rc4 Kg6 33. b4 axb4 34. Rb1
h5 35. Rxf4 Rxf4 36. Ne4 g4 37. hxg4 hxg4 38. Rxb4 gxf3 39. gxf3 b6 40. Rc4 Rxf3
41. Kg2 R3f4 42. Kg3 Kf5 43. Kg2 Rg7+ 44. Ng3+ Kf6 45. Rc3 e4 46. Kh2 Ke5 47.
Re3 Kxd5 48. Re2 Ke5 49. Re3 d5 50. c3 c5 51. Re2 d4 52. cxd4+ cxd4 53. Rb2 e3
54. Rb5+ Kd6 55. Rxb6+ Kc5 56. Re6 Rh4+ 57. Kg2 Rhg4 58. Kf3 Rxg3+ 59. Ke4 e2
60. Re5+ Kc4 61. Kf4 R7g4+ 62. Kf5 Rg5+ 63. Kf4 Rxe5 64. a5 Ra3 0-1

[Event "World Blitz Women 2017"]
[Site "Riyadh KSA"]
[Date "2017.12.29"]
[Round "5.30"]
[White "Zawadzka, Jolanta"]
[Black "Padmini, Rout"]
[Result "0-1"]
[WhiteTitle "WGM"]
[BlackTitle "IM"]
[WhiteElo "2424"]
[BlackElo "2324"]
[WhiteFideId "1122320"]
[BlackFideId "5029295"]
[EventDate "2017.12.29"]

1. e4 e6 2. b3 b6 3. Bb2 Bb7 4. Nc3 c5 5. f4 d5 6. Bb5+ Nd7 7. Qe2 d4 8. Nd1 Nf6
9. Nf2 a6 10. Bd3 Qc7 11. Ngh3 Nb8 12. O-O Nc6 13. c3 Be7 14. Rac1 Qd7 15. e5
Nd5 16. Ne4 dxc3 17. dxc3 h6 18. Rcd1 Qc7 19. a3 b5 20. Bc2 Rd8 21. c4 bxc4 22.
bxc4 Nb6 23. Nd6+ Bxd6 24. exd6 Rxd6 25. Bxg7 Rg8 26. Qg4 Nd4 27. Bh7 f5 28.
Qg6+ Qf7 29. Qxf7+ Kxf7 30. Bxg8+ Kxg7 31. Rb1 Kxg8 32. Rf2 Be4 33. Rc1 Na4 34.
g3 Rb6 35. Ra2 Rb3 36. Nf2 Bc6 37. Kf1 Kf7 38. Ke1 Re3+ 39. Kf1 Rb3 40. Ke1 Nc3
41. Raa1 Nf3+ 42. Kf1 Ne4 43. Nxe4 fxe4 44. Rab1 Nd2+ 45. Ke1 Nxb1 46. Kd1 Nxa3
47. Kd2 e3+ 48. Ke2 a5 49. h3 a4 50. g4 Nb1 51. g5 a3 52. Rc2 a2 53. Rxa2 Nc3+
54. Kxe3 Nxa2+ 55. Kf2 Rxh3 56. gxh6 Rxh6 0-1

[Event "World Blitz Women 2017"]
[Site "Riyadh KSA"]
[Date "2017.12.29"]
[Round "5.31"]
[White "Mamedjarova, Turkan"]
[Black "Ordaz Valdes, Lisandra Teresa"]
[Result "1-0"]
[WhiteTitle "WGM"]
[BlackTitle "WGM"]
[WhiteElo "2260"]
[BlackElo "2414"]
[WhiteFideId "13402005"]
[BlackFideId "3506940"]
[EventDate "2017.12.29"]

1. d4 d5 2. Nf3 Nf6 3. c4 e6 4. Nc3 Be7 5. Bg5 h6 6. Bh4 O-O 7. e3 b6 8. cxd5
Nxd5 9. Bxe7 Qxe7 10. Bd3 Bb7 11. O-O c5 12. Nxd5 exd5 13. Bc2 Nd7 14. Rc1 a5
15. Bb1 Rfc8 16. h3 a4 17. a3 Nf8 18. Ne5 c4 19. Rc3 b5 20. f4 b4 21. axb4 Qxb4
22. Qe2 a3 23. Rxa3 Rxa3 24. bxa3 Qxa3 25. Kh2 Re8 26. Rf3 c3 27. Rg3 Qd6 28.
Qh5 Qe6 29. f5 Qe7 30. Ng4 Nh7 1-0

[Event "World Blitz Women 2017"]
[Site "Riyadh KSA"]
[Date "2017.12.29"]
[Round "5.32"]
[White "Vijayalakshmi, Subbaraman"]
[Black "Ushenina, Anna"]
[Result "0-1"]
[WhiteTitle "IM"]
[BlackTitle "GM"]
[WhiteElo "2357"]
[BlackElo "2416"]
[WhiteFideId "5004098"]
[BlackFideId "14110911"]
[EventDate "2017.12.29"]

1. Nf3 d5 2. g3 c6 3. Bg2 Bg4 4. h3 Bh5 5. O-O Nd7 6. d4 e6 7. c4 Bd6 8. Qb3 Rb8
9. cxd5 exd5 10. Nc3 Ngf6 11. a4 O-O 12. a5 Re8 13. Re1 b5 14. axb6 axb6 15. e4
Nxe4 16. Nxe4 dxe4 17. Ng5 Nf6 18. Nxe4 Nxe4 19. Rxe4 c5 20. d5 b5 21. Be3 c4
22. Qc3 Bg6 23. Rxe8+ Qxe8 24. Bd4 f6 25. Re1 Qd7 26. Qa5 Bf7 27. Qa7 Qxa7 28.
Bxa7 Ra8 29. Be3 Be5 30. Bf4 Bxb2 31. Bc7 Re8 32. Rf1 c3 33. d6 Be6 34. Bc6 Rc8
35. Be4 b4 36. Rd1 Bd7 37. Bd5+ Kf8 38. Bb3 Ra8 39. g4 Ra3 40. Bc4 c2 41. Re1
c1=Q 42. Rxc1 Bxc1 43. Kg2 Bf4 44. Bd5 b3 45. Be4 b2 46. Bxh7 Ra1 47. Kf3 Be5
48. Bf5 b1=Q 49. Bxb1 Rxb1 0-1